000 00926nam a22002177a 4500
008 230602e20233005xxk|||||o|||| 00| 0 eng d
041 _aeng
110 _aRoyal Institution of Chartered Surveyors
245 _aRICS Practice Alert - Home Surveys
_h[Email update]
260 _aLondon,
_bRoyal Institution of Chartered Surveyors,
_c30 May 2023
300 _aemail
490 _aRICS Practice Alert
650 _aHOME SURVEYS
650 _aHOME SURVEY STANDARD
651 _aUnited Kingdom
690 _96225
_aBuilding surveying
710 _aRoyal Institution of Chartered Surveyors
856 _uhttps://www.rics.org/content/dam/ricsglobal/documents/regulation/RICS%20Practice%20Alert%20-%20UK%20Home%20Surveys.pdf
_zView the online Practice Update
856 _uhttps://rics.koha-ptfs.co.uk/cgi-bin/koha/opac-retrieve-file.pl?id=818e54bc731ea27491f8891ed81b32b3
_zView Practice update as a Word file
942 _n0
999 _c121532
_d121532